181 villes les plus peuplées de France (hors Ile de France) - Statistiques

Statistiques générales
  • Ce quiz a été pris 128 fois
  • Le résultat moyen est 99 sur 181
Statistiques - réponses
Nbr d'hab Villes % Correct
1 877 215 Marseille
100%
9 238 695 Lille
99%
2 520 774 Lyon
99%
4 353 701 Nice
99%
3 511 684 Toulouse
99%
8 265 328 Bordeaux
97%
5 325 070 Nantes
97%
6 307 101 Montpellier
96%
7 291 709 Strasbourg
96%
23 140 993 Brest
95%
10 227 830 Rennes
95%
18 156 389 Grenoble
91%
21 147 751 Clermont Ferrand
90%
13 172 569 Saint Etienne
90%
33 108 398 Caen
88%
69 54 699 La Roche sur Yon
88%
14 166 462 Le Havre
88%
31 116 344 Orléans
88%
26 131 272 Annecy
87%
19 150 444 Nîmes
87%
11 180 834 Toulon
87%
17 157 555 Angers
86%
16 159 941 Dijon
86%
28 121 695 Metz
85%
35 104 387 Nancy
85%
29 120 996 Perpignan
85%
12 178 478 Reims
85%
32 116 331 Rouen
85%
24 138 668 Tours
85%
55 64 288 Valence
85%
25 133 780 Amiens
84%
40 87 013 Dunkerque
84%
43 78 820 Pau
82%
22 145 182 Le Mans
80%
27 129 754 Limoges
80%
64 58 202 Lorient
80%
111 42 065 Bourg en Bresse
79%
42 79 961 La Rochelle
79%
38 91 760 Avignon
78%
48 74 040 Cannes
78%
51 67 360 Colmar
78%
86 47 255 Saint Malo
78%
54 64 530 Quimper
77%
20 147 933 Aix en Provence
76%
34 104 924 Mulhouse
76%
39 89 472 Poitiers
76%
59 62 443 Troyes
76%
15 162 207 Villeurbanne
76%
47 75 343 Ajaccio
75%
140 35 236 Auxerre
75%
85 47 459 Bastia
74%
71 53 312 Bayonne
74%
30 120 057 Besançon
74%
175 25 764 Biarritz
73%
50 67 585 Calais
73%
148 32 697 Lens
73%
68 54 955 Vannes
73%
41 80 815 Béziers
72%
36 99 507 Roubaix
72%
61 60 251 Chambéry
70%
44 78 028 Cherbourg en Cotentin
68%
37 99 160 Tourcoing
68%
112 41 423 Angoulême
67%
104 42 979 Valenciennes
65%
89 46 429 Carcassonne
64%
62 60 074 Niort
64%
75 51 156 Arles
63%
87 47 092 Blois
63%
113 41 039 Boulogne sur Mer
62%
56 64 238 Bourges
62%
118 40 656 Gap
62%
65 56 692 Narbonne
62%
49 73 111 Saint Nazaire
62%
76 50 605 Albi
61%
125 37 990 Chartres
61%
63 58 499 Fréjus
61%
46 76 612 Antibes
60%
108 42 621 Arras
60%
91 45 646 Belfort
60%
96 44 592 Chalon sur Saône
60%
103 43 079 Châteauroux
60%
58 62 487 Montauban
60%
95 44 607 Saint Brieuc
60%
92 45 634 Charleville Mézières
59%
67 55 384 Hyères
59%
83 48 335 Evreux
58%
78 49 474 Laval
58%
161 30 326 Menton
58%
93 45 090 Sète
58%
119 40 356 Montélimar
57%
177 25 555 Alençon
55%
66 55 906 Beauvais
55%
98 44 529 Tarbes
55%
150 32 193 Agen
54%
141 34 759 Macon
54%
144 33 172 Nevers
53%
88 46 769 Brive la Gaillarde
52%
164 29 516 Périgueux
52%
60 62 342 Villeneuve d'Ascq
51%
72 52 995 Saint Quentin
50%
53 66 701 Vénissieux
50%
94 45 025 Alès
49%
149 32 296 Epinal
49%
57 62 905 La Seyne sur Mer
49%
45 77 136 Mérignac
49%
156 31 455 Mont de Marsan
49%
84 47 724 Aubagne
47%
99 44 044 Istres
47%
80 48 818 Martigues
47%
107 42 700 Castres
46%
70 54 074 Cholet
46%
82 48 669 Grasse
45%
176 25 573 Montbéliard
45%
52 66 874 Pessac
45%
106 42 778 Thionville
45%
136 36 224 Villefranche sur Saône
45%
127 37 689 Thonon les Bains
43%
174 25 789 Vichy
43%
173 25 815 Aurillac
42%
81 48 740 Les Sables d'Olonne
42%
139 35 364 Roanne
42%
73 52 852 Cagnes sur Mer
41%
102 43 218 Châlons en Champagne
40%
122 39 833 Douai
40%
132 36 632 Saint Raphaël
40%
74 52 448 Vaulx en Velin
39%
109 42 288 Anglet
38%
116 40 808 Compiègne
38%
169 28 358 Dieppe
38%
117 40 789 Draguignan
38%
143 33 317 Montluçon
38%
129 37 595 Annemasse
37%
157 31 205 Dreux
37%
154 31 555 Vienne
36%
145 33 164 Marignane
35%
151 32 175 Aix les Bains
34%
77 50 561 Saint Herblain
34%
153 31 568 Cambrai
33%
97 44 553 Salon de Provence
33%
167 28 705 Soissons
33%
178 25 348 Vierzon
32%
105 42 850 Bron
30%
160 30 854 Carpentras
30%
171 26 215 Saumur
30%
158 31 105 Châtellerault
29%
134 36 494 Creil
29%
137 36 070 Haguenau
29%
120 40 198 Le Cannet
29%
133 36 612 Vitrolles
29%
101 43 349 Rezé
28%
79 49 193 Saint Priest
28%
100 43 479 Caluire et Cuire
27%
90 45 869 Talence
27%
159 30 968 Bègles
25%
131 36 708 Echirolles
25%
128 37 599 La Ciotat
25%
172 25 975 Le Grand Quevilly
25%
165 29 066 Maubeuge
25%
115 40 881 Wattrelos
25%
123 38 432 Joué lès Tours
24%
179 23 068 Saint Dizier
23%
114 40 916 Colomiers
22%
142 34 382 Schiltigheim
22%
146 33 139 Romans sur Isère
21%
152 31 645 Saint Laurent du Var
21%
166 28 965 Sotteville lès Rouen
20%
138 35 586 Saint Chamond
18%
162 30 113 Liévin
17%
130 36 843 Six Fours les Plages
17%
124 38 022 Saint Martin d'Hères
16%
181 20 731 Le Creusot
15%
126 37 928 Oullins Pierre Bénite
15%
110 42 185 Villenave d'Ornon
15%
121 39 943 Marcq en Baroeul
14%
135 36 437 Meyzieu
11%
155 31 479 Rillieux la Pape
11%
168 28 508 Saint Etienne du Rouvray
11%
147 32 749 Saint Médard en Jalles
10%
170 28 025 Vallauris
7%
163 29 537 Vandoeuvre lès Nancy
7%
180 21 827 Bruay la Buissière
3%
Aucun quiz correspondant
Distribution des résultats
% des personnes avec chaque résultat
Percentile par nombre de réponses
Votre historique - résultats
Vous n’avez pas pris ce quiz